Every Roman Reigns Title Defense - Statistics

General Stats
  • This quiz has been taken 58 times
  • The average score is 29 of 33
Answer Stats
Opponent Event % Correct
Edge WrestleMania 37
100%
Edge Money in the Bank 2021
100%
Cody Rhodes WrestleMania 39
98%
Daniel Bryan Elimination Chamber 2021
98%
Daniel Bryan Fastlane 2021
98%
Daniel Bryan WrestleMania 37
98%
Daniel Bryan SmackDown
98%
Jey Uso Clash of Champions 2020
98%
Jey Uso Hell in a Cell 2020
98%
Jey Uso SummerSlam 2023
98%
Brock Lesnar WrestleMania 38
96%
Brock Lesnar SummerSlam 2022
96%
Kevin Owens TLC 2020
96%
Kevin Owens SmackDown
96%
Kevin Owens Royal Rumble 2021
96%
Kevin Owens Royal Rumble 2023
96%
Drew McIntyre Clash at the Castle 2022
94%
Randy Orton Royal Rumble 2024
94%
Seth Rollins Royal Rumble 2022
89%
John Cena SummerSlam 2021
87%
Sami Zayn SmackDown
87%
Sami Zayn Elimination Chamber 2023
87%
AJ Styles Royal Rumble 2024
85%
Logan Paul Crown Jewel 2022
85%
LA Knight Crown Jewel 2023
77%
LA Knight Royal Rumble 2024
77%
Rey Mysterio SmackDown
74%
Braun Strowman SmackDown
72%
Goldberg Elimination Chamber 2022
72%
Finn Balor SmackDown
70%
Cesaro WrestleMania Backlash 2021
66%
Matt Riddle SmackDown
53%
Demon Balor Extreme Rules 2021
51%
No matching quizzes found
Score Distribution
Percent of People with Each Score
Percentile by Number Answered
Your Score History
You have not taken this quiz